[Event "Manila AQ Prime op 3rd"]
[Site "Manila"]
[Date "2023.10.29"]
[Round "3"]
[White "Valdez, Carl Benjamin"]
[Black "Caballero, Edwin"]
[Result "1/2-1/2"]
[WhiteElo "1484"]
[BlackElo "1881"]
[PlyCount "131"]
[EventDate "2023.10.28"]
[EventType "swiss"]
[EventRounds "9"]
[EventCountry "PHI"]
[SourceTitle "CB46_2023"]
[SourceDate "2023.11.15"]
[SourceVersion "1"]
[SourceVersionDate "2023.11.15"]
[SourceQuality "1"]

1. e4 g6 2. d4 d6 3. Nc3 Bg7 4. Nge2 Nf6 5. a4 Nc6 6. Be3 Ng4 7. Bf4 e5 8. dxe5 Ngxe5 9. Qc1 Nb4 10. Nd4 a6 11. Be2 Be6 12. Nxe6 fxe6 13. 0-0 0-0 14. Qd2 Nec6 15. Bc4 Qd7 16. Rad1 Kh8 17. Ne2 a5 18. c3 Na6 19. Be3 Qe7 20. Bh6 Nc5 21. Bxg7+ Kxg7 22. Nf4 Qf6 23. b4 axb4 24. cxb4 Nxb4 25. Nxe6+ Nxe6 26. Qxb4 Nc5 27. a5 Ra7 28. Rde1 Qe5 29. Re2 Rfa8 30. Bd5 c6 31. f4 Nd3 32. fxe5 Nxb4 33. Rf7+ Kh8 34. e6 cxd5 35. e7 Rxa5 36. Rf8+ Kg7 37. e8Q Rxe8 38. Rxe8 Nd3 39. h3 Rb5 40. exd5 Ne5 41. Rc2 Rxd5 42. Re7+ Kf6 43. Rxb7 h5 44. Rf2+ Ke6 45. Re2 Kf6 46. Rbb2 Ke6 47. Rbd2 Rb5 48. Rd1 d5 49. g4 hxg4 50. hxg4 Kd6 51. Rf1 d4 52. Rf4 Rd5 53. g5 d3 54. Rf6+ Kc5 55. Rd2 Nc4 56. Rd1 Rxg5+ 57. Kf2 d2 58. Rf8 Kd4 59. Rf4+ Kc3 60. Rxc4+ Kxc4 61. Rxd2 Rh5 62. Rd8 Rd5 63. Rg8 Rg5 64. Rd8 Kc5 65. Kf3 Rf5+ 66. Kg4 1/2-1/2

[Event "Manila AQ Prime op 3rd"]
[Site "Manila"]
[Date "2023.10.28"]
[Round "1"]
[White "Valdez, Carl Benjamin"]
[Black "Tiu, Sherwin"]
[Result "0-1"]
[WhiteElo "1484"]
[BlackElo "2243"]
[PlyCount "42"]
[EventDate "2023.10.28"]
[EventType "swiss"]
[EventRounds "9"]
[EventCountry "PHI"]
[SourceTitle "CB46_2023"]
[SourceDate "2023.11.15"]
[SourceVersion "1"]
[SourceVersionDate "2023.11.15"]
[SourceQuality "1"]

1. e4 c5 2. d3 Nc6 3. Nf3 g6 4. g3 Bg7 5. Bg2 e5 6. 0-0 Nge7 7. Nbd2 d5 8. Re1 0-0 9. c3 d4 10. Nf1 h6 11. c4 Be6 12. h4 Qd7 13. Bd2 Nc8 14. Qc1 Kh7 15. N1h2 Nd6 16. Rf1 f5 17. Ne1 fxe4 18. f3 e3 19. Bxe3 dxe3 20. Qxe3 Nf5 21. Qf2 e4 0-1